00458 2200181 4500001002100000005001500021008004100036020002300077035001900100041000700119082001100126090001500137100002100152245002000173260003400193300003200227650001700259INLIS00000000000838620241224113635241224||||||||| | ||| |||| || |  a978-602-317-2016-6 0010-1224008386 aid0 a639.31 a639.31 BUD0 atim agro mandiri00aBudi Daya Belut aSurakartabVisi Mandiric2017 a20,5x14 cm, 84 hlm.; ilus.: 0aIlmu Terapan